<?xml version="1.0" encoding="UTF-8"?>
<marc:record xmlns:marc="http://www.loc.gov/MARC21/slim">
   <marc:leader>00000nam a2200000 a 4500</marc:leader>
   <marc:datafield ind1="1" ind2=" " tag="100">
      <marc:subfield code="a">Ostlaender, Annette</marc:subfield>
      <marc:subfield code="4">trl</marc:subfield>
      <marc:subfield code="e">Übersetzer/-in</marc:subfield>
   </marc:datafield>
   <marc:datafield ind1="0" ind2="0" tag="245">
      <marc:subfield code="a">Der  Körper</marc:subfield>
   </marc:datafield>
   <marc:datafield ind1="0" ind2="0" tag="245">
      <marc:subfield code="b">Skelett, Blutkreislauf oder die fünf Sinne</marc:subfield>
   </marc:datafield>
   <marc:datafield ind1=" " ind2="1" tag="264">
      <marc:subfield code="a">München</marc:subfield>
      <marc:subfield code="b">Dorling Kindersley Verlag</marc:subfield>
      <marc:subfield code="c">2026</marc:subfield>
   </marc:datafield>
   <marc:datafield ind1="1" ind2=" " tag="490">
      <marc:subfield code="a">memo Wissen Kids</marc:subfield>
   </marc:datafield>
   <marc:datafield ind1=" " ind2=" " tag="250">
      <marc:subfield code="a">1. Auflage</marc:subfield>
   </marc:datafield>
   <marc:datafield ind1="1" ind2=" " tag="520">
      <marc:subfield code="a">Memo Wissen Kids  das ultimative Kinderbuch über den Körper# Komplett überarbeitet: Die aktuelle Forschung in großen Bildern &amp; lebendigen Texten# Lieblingsthema menschlicher Körper: alles über Gehirn, Blutkreislauf, Verdauung &amp;amp; mehr# Ideal für Leseanfänger*innen: leicht verständliche Texte &amp;amp; große, kindgerechte Schrift# Bildstark: perfekt zum Entdecken, Staunen &amp;amp; Verstehen# Spielerisch lernen: Quiz, Rätsel &amp;amp; Mitmachseiten garantieren extra Lesespaß##Geniales Sachwissen für Grundschulkids#Warum schwitzen wir eigentlich? Wieso haben manche Menschen glatte Haare und andere Locken? Und woraus besteht unser Blut? Diese und viele weitere Fragen beantwortet das spannende Kindersachbuch über das Lieblingsthema menschlicher Körper  leicht verständlich und voller beeindruckender Bilder.#Die komplett überarbeitete Bestseller-Reihe memo Wissen Kids begeistert mit atmosphärischen Bildszenen und kurzen, einfachen Texten  ideal für Leseanfänger*innen. Zusätzliche Info-Kästenliefern spannende Fakten. Rätsel-Doppelseiten festigen das neu gewonnene Wissen spielerisch. So macht Lesenlernen Spaß!##Erkunde den menschlichen Körper: Mit diesem Band der beliebten memo Wissen Kids-Reihe werden Neugierige ab 6 Jahren zu echten Expert*innen.###Dieses Buch ist Teil der Reihe memo Wissen Kids.</marc:subfield>
   </marc:datafield>
   <marc:datafield ind1=" " ind2=" " tag="020">
      <marc:subfield code="a">9783831052349</marc:subfield>
      <marc:subfield code="9">9783831052349</marc:subfield>
   </marc:datafield>
   <marc:datafield ind1=" " ind2=" " tag="041">
      <marc:subfield code="a">ger</marc:subfield>
   </marc:datafield>
   <marc:datafield ind1=" " ind2=" " tag="300">
      <marc:subfield code="a">56 Seiten</marc:subfield>
   </marc:datafield>
</marc:record>
